00766cam a22002411 450000100060000000300080000600500170001400800390003103500190007003500190008904000320010804100080014008200130014810000320016124500650019325000180025826000410027630000360031750400490035365000260040270000560042870000400048410116BD-RjUL20211208234909.0140123s1948 enka b 001 0 eng a(BD-RjUL)10163 a(OCoLC)4307348 aDLCcTNJdDLCdBD-RjULbeng aeng a546bEPI1 aEphraim, Fritz,d1876-1935.00aInorganic chemistry /cby P. C. L. Thorne and E. R. Roberts. a5th ed., rev. aLondon :bGurney and Jackson,c1948. axii, 939 p. :billus. ;c25 cm. aIncludes Bibliography: p. 893-895 and index. 0aChemistry, Inorganic.1 aThorne, P. C. L.q(Percy Cyril Lesley)eed. and tr.1 aRoberts, E. R.q(Eric Richard)eed.